00389pab a2200133 454500008004000000100002100040245008800061260000900149300001400158362000800172650001800180700002200198773003500220180718b2014 xxu||||| |||| 00| 0 eng d aMacDonald, Fiona aAccountability insights from the devolution of indigenous child welfare in Manitoba c2014 ap.97-117. aMar aChild welfare aLevasseur, Karine aCanadian Public Administration